| 000 | 02051nam a2200325 a 4500 | ||
|---|---|---|---|
| 001 | BRCA_3434 | ||
| 005 | 20190320204300.0 | ||
| 041 | _aita | ||
| 044 | _ait | ||
| 084 |
_a723 _b.Z47 _c1755 |
||
| 100 | 1 |
_aCervantes Saavedra, Miguel de _d1547-1616 _9213 |
|
| 245 | 1 | 0 |
_aVita e Azioni dell´Ingegnoso Cittadino D. Chisciotte della Mancia _cdi Michel di Cervantes Saavedra ; Tradotta dal Spagnolo al Italiano, da Lorenzo Franciosini Fiorentino. |
| 250 | _a5 | ||
| 260 |
_aVenecia _bAppresso Guglielmo Zerletti _c1755 |
||
| 300 |
_a4 v. _c19 cm. |
||
| 500 | _aContenido : v.1. Primera parte. Prefacio de Giambatista Pascuale. Advertencia del traductor. Prólogo del autor. Noticia sobre Cervantes tomada de la vida del mismo escrita por Mayáns. -- v.2. Primera parte. Texto. -- v.3. Primera parte. Final. Texto. -- v.4. Segunda parte. Texto | ||
| 500 | _aEdición : Quinta edizione diligentemente corretta, migliorata, ed. accresciuta della Vita dell´Autore novellarmente Tradotta; ommessa nelle precedenti edizioni | ||
| 500 | _aQuinta edición de la versión de Franciosini. Va precedida de un prefacio, escrito por Giambatista Pascuale en el que se dice que se ha corregido el texto. En efecto, en esta edición se han enmendado muchas de las faltas y errores de imprenta de las ediciones anteriores. Contiene, además, una noticia biográfica sobre Cervantes, tomada de la biografía escrita por Mayáns. Edición económica. Impresión y papel malos Lúdovik Osterc | ||
| 500 | _aEstado físico : Firma en tinta ferrogálica en la portada, encuadernación y papel maltratado | ||
| 500 | _aQM542 | ||
| 546 | _aTexto en : italiano | ||
| 650 | 1 | 4 |
_aNovela española _yÉpoca clásica, 1500-1700 _9215 |
| 650 | 1 | 4 |
_aLiteratura española _yÉpoca clásica, 1500-1700 _9216 |
| 650 | 1 | 4 |
_aNovela española _ySiglo XVII _9217 |
| 650 | 1 | 4 |
_aDon Quijote (Personaje ficticio) _eNovela _9218 |
| 700 | 1 |
_aFranciosini Fiorentino, Lorenzo _eTraductor _98994 |
|
| 740 | 0 | _aEl Ingenioso Hidalgo Don Quijote de la Mancha | |
| 902 | _aQFM | ||
| 942 |
_2lcc _cB |
||
| 999 |
_c3170 _d3170 |
||